Qui a donné ce prénom à son enfant ? (2) - Statistiques

Statistiques générales
  • Ce quiz a été pris 19 fois
  • Le résultat moyen est 6 sur 25
Statistiques - réponses
Hint Réponse % Correct
Pax Thien Angelina Jolie & Brad Pitt
42%
Maddox Chivan Angelina Jolie & Brad Pitt
42%
XAE A-XII Grimes & Elon Musk
42%
Stormi Kylie Jenner & Travis Scott
42%
Lourdes Maria Madonna
42%
Marlowe Jack Tiger Lou Doillon & John Mitchell
33%
Jack Henry Meg Ryan & Dennis Quaid
33%
Egypt Daoud Alicia Keys & Swizz Beatz
25%
Tim Elvis Cathy et David Guetta
25%
Léa de Seine Irina Shayk & Bradley Cooper
25%
Wolf Kylie Jenner & Travis Scott
25%
Fifi Trixibelle Paula Yates & Bob Geldof
25%
Peaches Paula Yates & Bob Geldof
25%
Brooklyn Victoria & David Beckham
25%
Sunday Nicole Kidman & Keith Urban
17%
Hélia Stella Sulak & Francis Lalanne
17%
Bear Grey Cheryl Cole & Liam Payne
8%
Roxan Elodie Bouchez & Thomas Banglater
8%
Mabel Ray Emma Heming & Bruce Willis
8%
Vivian Justine Wilson & Elon Musk
8%
Taturn Robert Khloé Kardashian & Tristan Thompson
8%
Laszlo Keats Miller Lou Doillon & Stéphane Manel
8%
Laird Vonne Sharon Stone
8%
Selena Stella Sulak & Francis Lalanne
8%
Strider Shivon Zilis & Elon Musk
0%
Aucun quiz correspondant
Distribution des résultats
% des personnes avec chaque résultat
Percentile par nombre de réponses
Votre historique - résultats
Vous n’avez pas pris ce quiz